Detalles MARC
| 000 -LÍDER |
| Campo fijo de descripción fija |
01614nam a22003614i 4500 |
| 001 - NÚMERO DE CONTROL |
| Campo de control |
Rebiun07051815 |
| 003 - IDENTIFICADOR DEL NÚMERO DE CONTROL |
| Campo de control |
CO-MdFUSB |
| 005 - FECHA Y HORA DE LA ULTIMA TRANSACCIÓN |
| control field |
20180822083242.0 |
| 008 - ELEMENTOS DE LONGITUD FIJA -- INFORMACIÓN GENERAL |
| Campo fijo de descripción fija -- Información general |
120109s1979 sp 000 0 spa d |
| 017 ## - COPYRIGHT OR LEGAL DEPOSIT NUMBER |
| Copyright or legal deposit number |
D.L. B 19876-1979 (Vol. 1) |
| 020 ## - NÚMERO INTERNACIONAL NORMALIZADO PARA LIBROS |
| Número Internacional Normalizado del libro |
8425406099 (Vol. 1) |
| 040 ## - FUENTE DE CATALOGACIÓN |
| Agencia de catalogación original |
BUC |
| Idioma de catalogación |
spa |
| Agencia que realiza la transcripción |
CO-MdFUSB |
| Agencia que realiza la modificación |
CO-MdFUSBC |
| Convenciones de la descripción |
rda |
| 041 ## - CÓDIGO DE IDIOMA |
| Código de idioma para texto/pista de sonido o título separado |
spa |
| Código de idioma original |
ger |
| 080 ## - UNIVERSAL DECIMAL CLASSIFICATION NUMBER |
| Universal Decimal Classification number |
27-27 |
| 082 ## - NÚMERO DE CLASIFICACIÓN DECIMAL DEWEY |
| Número de la edición del Dewey |
23 |
| Número de clasificación |
226.407 |
| Clave de autor-Numero de item |
ST873 |
| 100 1# - ASIENTO PRINCIPAL--NOMBRE PERSONAL |
| Nombre personal |
Stoger, Alois |
| Término relacionador |
autor |
| 240 ## - TITULO UNIFORME |
| Título uniforme |
<a href="Geistliche Schriftlesung : Das Evangelium nas Lukas">Geistliche Schriftlesung : Das Evangelium nas Lukas</a> |
| 245 13 - TÍTULO |
| Título del Material |
El Evangelio según san Lucas |
| Mención de responsabilidad, etc. |
/ Alois Stöger ; traductor Alejandro Esteban Lator Ros |
| 250 ## - MENCIÓN DE EDICIÓN |
| Mención de edición |
3 edición |
| 264 #1 - PRODUCCIÓN, PUBLICACIÓN, DISTRIBUCIÓN, MANUFACTURA, Y COPYRIGHT |
| Lugar de producción, publicación, distribución, manufactura |
Barcelona, España : |
| Nombre del productor, publicador, distribuidor |
Herder, |
| Fecha de producción, publicación, distribución, manufactura, o copyright |
℗1979 |
| 264 #4 - PRODUCCIÓN, PUBLICACIÓN, DISTRIBUCIÓN, MANUFACTURA, Y COPYRIGHT |
| Fecha de producción, publicación, distribución, manufactura, o copyright |
©1970 |
| 300 ## - DESCRIPCIÓN FÍSICA |
| Extensión |
1 volumen ; |
| Dimensiones |
20 cm |
| 336 ## - TIPO DE CONTENIDO |
| Fuente |
rdacontent |
| Término de tipo de contenido |
texto |
| Código de tipo de contenido |
txt |
| 337 ## - TIPO DE MEDIO |
| Fuente |
rdamedia |
| Nombre del tipo de medio |
sin mediación |
| Código del tipo de medio |
n |
| 338 ## - TIPO DE SOPORTE |
| Fuente |
rdacarrier |
| Nombre del tipo de soporte |
volumen |
| Código Tipo de soporte |
nc |
| 490 0# - MENCIÓN DE SERIE |
| Mención de serie |
El Nuevo Testamento y su mensaje : comentario para la lectura espiritual ; |
| 505 ## - NOTA DE CONTENIDO |
| Información miscelánea |
l. |
| Título |
Parte primera: el comienzo de la salvación: |
| Nota de contenido con formato preestablecido |
l. La promesa (1,5-56) -- II. Nacimiento e infancia (1,57-2,52) -- lll. Preparación a la actividad pública de Jesús (3,1-4,13) |
| 505 ## - NOTA DE CONTENIDO |
| Información miscelánea |
ll. |
| Título |
Parte segunda: Actividad de Jesús en Galilea: |
| Nota de contenido con formato preestablecido |
l. Comienzos de la predicación (4,14-6,16) -- ll. Profeta poderoso en palabra y en obras (6,20-8,3) -- lll. Más que profeta (8,9-9,17) -- lV. El mesías sufriente (9,18-50) |
| 505 ## - NOTA DE CONTENIDO |
| Información miscelánea |
lll. |
| Título |
Parte tercera: camino de Jerusalén: |
| Nota de contenido con formato preestablecido |
l. El comienzo: (9,51-13,21) |
| 563 ## - NOTA DE ENCUADERNACIÓN |
| Nota de encuadernación |
Tapa rústica |
| 700 1# - ASIENTO SECUNDARIO - NOMBRE PERSONAL |
| Nombre personal |
Lator Ros, Alejandro Esteban, |
| Responsabilidad |
traductor |
| 942 ## - TIPO DE MATERIAL (KOHA) |
| Tipo de Item KOHA |
Libros General |